WWE 2K Cover Stars - Sudden Death - Statistics

General Stats
  • This quiz has been taken 320 times
  • The average score is 5 of 11
Answers on the Grid
Answers color-coded by a green-red scale on the quiz's grid according to % correct below.
Hulk Hogan
Rey Mysterio
John Cena
The Undertaker
Roman Reigns
Finn Balor
Triple H
Shawn Michaels
CM Punk
Randy Orton
Mark Henry
Stone Cold
Seth Rollins
Ric Flair
Drew Mcintyre
Kevin Owens
Sami Zayn
Jacob Fatu
Cody Rhodes
The Rock
Brock Lesnar
AJ Styles
Solo Sikoa
Big E
Kofi Kingston
Jey Uso
Bray Wyatt
The Miz
Chris Jericho
Kane
 
Answer Stats
Answer % Correct
John Cena
56%
CM Punk
51%
Cody Rhodes
51%
Roman Reigns
49%
Brock Lesnar
46%
Seth Rollins
46%
The Rock
45%
AJ Styles
41%
Stone Cold
41%
Rey Mysterio
40%
Randy Orton
37%
No matching quizzes found
Score Distribution
Percent of People with Each Score
Percentile by Number Answered
Your Score History
You have not taken this quiz